00945pam a2200325 a 45000010005000000030006000050050017000110080041000280100017000690200025000860200029001110200018001400200018001580350012001760400023001880500024002110820008002351000018002432450070002612600037003313000058003685050007004265200043004335210019004765210018004956500019005136500022005326500031005547000034005859076FISKH20251119081413.0870925s1989 nyua j 000 1 eng  a 87045852  a0060223618 :c$11.95 a0060223952 (lib. bdg.) : a9780060223618 a9780060223953 a4788400 aDLCcDLCdDLCbeng00aPZ7.H63487bAi 1989 a5701 aHoban, Julia.10aAmy loves the snow /cby Julia Hoban ; pictures by Lillian Hoban. aNew York : bScholastic, c1989. a24 unnumbered pages : bcolor illustrations ; c16 cm aG  aAmy builds a snowman with her parents.8 a390 bLexile 8 aG bRaz-Plus  1aSnowxFiction. 1aSnowmenxFiction. 1aParent and childxFiction.1 aHoban, Lillian,eillustrator